Esquema de la matemática actual
Salvato in:
| Autore principale: | |
|---|---|
| Natura: | Libro |
| Lingua: | spagnolo |
| Pubblicazione: |
Ciudad de México
Fondo de Cultura Económica
1951
|
| Serie: | Breviarios, 44
|
| Soggetti: | |
| Tags: |
Aggiungi Tag
Nessun Tag, puoi essere il primo ad aggiungerne!!
|
MARC
| LEADER | 00000nam a2200000 a 4500 | ||
|---|---|---|---|
| 001 | UCX1352 | ||
| 003 | CL-VaPUC | ||
| 008 | 900806e19510000MX |||||||||||||||||spa|d | ||
| 082 | 0 | 4 | |a 510 |b TIT |2 21 |
| 100 | 0 | |a Titchmarsh, Edward Charles |e author |9 316832 | |
| 245 | 1 | 0 | |a Esquema de la matemática actual |
| 300 | |a 196 p | ||
| 942 | |c BK | ||
| 945 | |d 19900806 00:00:00 | ||
| 260 | |a Ciudad de México |b Fondo de Cultura Económica |c 1951 | ||
| 650 | 0 | |a Matemática |9 260235 | |
| 583 | |a last modification |c 19900806 00:00:00 |k Rodrigo Vera | ||
| 490 | 0 | |a Breviarios, 44 | |
| 999 | |c 222608 |d 222606 | ||